| 000 | 01148cam a22003011a 4500 | ||
|---|---|---|---|
| 001 | 13094 | ||
| 003 | BD-RjUL | ||
| 005 | 20211208235414.0 | ||
| 008 | 140130t1957 maua b 001 0 jpn | ||
| 035 | _a(BD-RjUL)13144 | ||
| 035 | _a(OCoLC)13058694 | ||
| 040 |
_aDLC _cMoSB _dOO _dPPAN _dOCoLC _dDLC _dBD-RjUL _beng |
||
| 041 | _aeng | ||
| 051 |
_aQK711 _b.W46 |
||
| 082 | 0 | 4 |
_216 _a581.134 _bWEE 1957 |
| 100 | 1 |
_aWent, F. W. _q(Frits Warmolt), _d1903- _940790 |
|
| 245 | 1 | 4 |
_aThe experimental control of plant growth : _bwith special reference to the Earhart Plant Research Laboratory at the California Institute of Technology / _cby Frits W. Went ; with contributions by W.C. Ashby ... [et al.] |
| 260 |
_aNew york : _bRonald press Co., _cc1957. |
||
| 300 |
_a343 p. : _bill. ; _c24 cm. |
||
| 504 | _aIncludes bibliographical references and index. | ||
| 610 | 1 | 0 |
_aCalifornia Institute of Technology. _bEarhart Plant Research Laboratory. _940798 |
| 650 | 0 |
_aPlant physiology. _9799 |
|
| 650 | 0 |
_aBotany _xResearch. _940793 |
|
| 942 |
_2ddc _cBK |
||
| 999 |
_c13094 _d13094 |
||